Sách điện tử và sử dụng công nghệ tạo sách điện tử

Nội dung sách góp phần phục vụ việc học tập, tham khảo cho học viện và sinh viên học tập và nghiên cứu về Xuất bản Sách điện tử và Xuất bản phẩm điện tử, gồm 2 chương: Sách điện tử và một số công nghệ sách điện tử; sử dụng công...

Deskribapen osoa

Gorde:
Xehetasun bibliografikoak
Egile nagusia: Nguyễn, Văn Tuấn
Formatua: Liburua
Hizkuntza:Undetermined
Argitaratua: Hà Nội Văn hóa Thông tin 2008
Gaiak:
Etiketak: Etiketa erantsi
Etiketarik gabe, Izan zaitez lehena erregistro honi etiketa jartzen!
Thư viện lưu trữ: Trung tâm Học liệu Trường Đại học Cần Thơ
LEADER 01063nam a2200205Ia 4500
001 CTU_150127
008 210402s9999 xx 000 0 und d
020 |c 25000 
082 |a 025.06 
082 |b T502 
100 |a Nguyễn, Văn Tuấn 
245 0 |a Sách điện tử và sử dụng công nghệ tạo sách điện tử 
245 0 |c Nguyễn Văn Tuấn 
260 |a Hà Nội 
260 |b Văn hóa Thông tin 
260 |c 2008 
520 |a Nội dung sách góp phần phục vụ việc học tập, tham khảo cho học viện và sinh viên học tập và nghiên cứu về Xuất bản Sách điện tử và Xuất bản phẩm điện tử, gồm 2 chương: Sách điện tử và một số công nghệ sách điện tử; sử dụng công cụ tạo và đọc sách điện tử. 
650 |a E-books,Sách điện tử 
904 |i Tươi, Kiều Nguyên 
980 |a Trung tâm Học liệu Trường Đại học Cần Thơ